| 000 | 00905nam a2200181 i 4500 | ||
|---|---|---|---|
| 001 | 189094 | ||
| 003 | ES-MaACL | ||
| 005 | 20230906223357.0 | ||
| 008 | 190329s2017 sp a |||| | spa d | ||
| 245 | 0 | 3 |
_aEl hallazgo del pasado _b: Alfonso el Sabio y la Estoria de España : catálogo [de la] Exposición en la Biblioteca de Menéndez Pelayo para la presentación de la edición digital de la Universidad de Birmingham con motivo del próximo 750º aniversario del "taller historiográfico alfonsí", Santander, de 3 de febrero a 6 de abril de 2017. |
| 260 |
_aSantander : _bBiblioteca de Menéndez Pelayo, _c2017. |
||
| 300 |
_a40 p. : _bil. col. ; _c24 cm. |
||
| 600 | 1 | 4 |
_aAlfonso _bX _cRey de Castilla. _tEstoria de España- _vExposiciones. _9166743 |
| 655 | 7 |
_2tgfbne _9193628 _aCatálogos de exposiciones |
|
| 852 |
_aES-MaACL _j2339-F-14 |
||
| 942 | _2udc | ||
| 999 |
_c189094 _d189094 |
||